<Der> Test

Salvato in:
Dettagli Bibliografici
Natura: Periodico
Lingua:tedesco
Pubblicazione: Berlin Stiftung Warentest
Soggetti:
Tags: Aggiungi Tag
Nessun Tag, puoi essere il primo ad aggiungerne!!

MARC

LEADER 00000nas1a22000001 4500
001 s120627
005 20250715102210.6
022 |a 0040-3946 
041 0 |a ger 
044 |a DE 
245 1 0 |a <Der> Test 
264 1 |a Berlin  |b Stiftung Warentest 
610 2 0 |a testovanie výrobkov 
610 2 0 |a tovaroznalectvo